000 00343nam a22001457a 4500
003 OSt
008 250224b |||||||| |||| 00| 0 eng d
041 _aeng
082 _a630.028
100 _aLorente, Jijan B
_97241
245 _aHand Book of Agriculture
260 _aNew York:
_bMarcel Dakker Inc.
700 _aHarrera
_97242
942 _cBK
999 _c19446
_d19446